Politics of the Kingdom (Record no. 5196)

MARC details
000 -LEADER
fixed length control field 00602nam a2200253 a 4500
020 ## - INTERNATIONAL STANDARD BOOK NUMBER
ISBN
082 00 - DEWEY DECIMAL CLASSIFICATION NUMBER
Classification number 251
Author Cutter SIM
100 ## - MAIN ENTRY--AUTHOR NAME
Author name Simon, Glyn
245 ## - TITLE STATEMENT
Title Politics of the Kingdom
260 ## - PUBLICATION, DISTRIBUTION, ETC. (IMPRINT)
Place of publication London
Name of publisher British Broadcasting Corporation
Year of publication 1966
300 ## - PHYSICAL DESCRIPTION
Number of Pages 52p
500 ## - GENERAL NOTE
General note includes index and biblioraphy
505 2# - FORMATTED CONTENTS NOTE
Formatted contents note Appendex
650 ## - SUBJECT ADDED ENTRY--TOPICAL TERM
Topical Term Sermons
942 ## - ADDED ENTRY ELEMENTS (KOHA)
Koha item type Books
700 1# -
-- Bernard Haring
700 1# -
-- Howard William
Holdings
Collection code Home library Current library Date acquired Cost, normal purchase price Full call number Accession Number Koha item type
  Henry Martyn Institute Library Henry Martyn Institute Library 07/09/2007 27.20 251 SIM 08133 Books
                   Copyright © 2026 | Henry Martyn Institute | Hyderabad | TS-500052 | INDIA | Implemented by hmi.edu.in
Hit-Count:

Powered by Koha